Role of plantation crops in climate change mitigation: Special reference to natural rubber (Record no. 67202)

MARC details
000 -LEADER
fixed length control field 00715nam a2200205Ia 4500
100 ## - MAIN ENTRY--AUTHOR NAME
Personal name Annamalainathan K
245 #0 - TITLE STATEMENT
Title Role of plantation crops in climate change mitigation: Special reference to natural rubber
260 ## - PUBLICATION, DISTRIBUTION, ETC. (IMPRINT)
Name of publisher In: Agroforestry: Present Status and Way Forward. (Eds. S.K. Dhyani, Ram Newaj, Badre Alam and Inder Dev).Biotech Books, New Delhi, India, pp. 229-246.
650 ## - SUBJECT ADDED ENTRY--TOPICAL TERM
Topical Term Carbon sequestration
650 ## - SUBJECT ADDED ENTRY--TOPICAL TERM
Topical Term Climate change
650 ## - SUBJECT ADDED ENTRY--TOPICAL TERM
Topical Term Ecosystem service
650 ## - SUBJECT ADDED ENTRY--TOPICAL TERM
Topical Term Natural rubber
650 ## - SUBJECT ADDED ENTRY--TOPICAL TERM
Topical Term Net ecosystem exchange
650 ## - SUBJECT ADDED ENTRY--TOPICAL TERM
Topical Term Plantation crops
700 ## - ADDED ENTRY--PERSONAL NAME
Personal name Jacob J
700 ## - ADDED ENTRY--PERSONAL NAME
Personal name Satheesh P R
856 ## - ELECTRONIC LOCATION AND ACCESS
Uniform Resource Identifier Copy
942 ## - ADDED ENTRY ELEMENTS (KOHA)
Koha item type Journals
Holdings
Withdrawn status Lost status Damaged status Not for loan Home library Current library Shelving location Date acquired Koha item type
      Journals RRII Library RRII Library Climate change 31/07/2015 Journals